[Event "ch-RUS Blitz w 2016"]
[Site "Sochi RUS"]
[Date "2016.10.04"]
[Round "9.4"]
[White "Pogonina, Natalija"]
[Black "Gvanceladze, Anna"]
[Result "1-0"]
[WhiteTitle "WGM"]
[BlackTitle "WFM"]
[WhiteElo "2484"]
[BlackElo "2223"]
[WhiteFideId "4147855"]
[BlackFideId "4113721"]
[EventDate "2016.10.04"]

1. d4 Nf6 2. c4 e6 3. Nf3 Bb4+ 4. Nbd2 O-O 5. a3 Be7 6. e4 d5 7. e5 Nfd7 8. Bd3
c5 9. h4 Nc6 10. Bb1 Nxd4 11. Nxd4 cxd4 12. Nf3 f5 13. cxd5 Qa5+ 14. Bd2 Qxd5
15. Qe2 Nc5 16. O-O b6 17. Ba2 Qe4 18. Qd1 Bd7 19. Re1 Qg4 20. Bg5 Bxg5 21. hxg5
Bc6 22. b4 Bxf3 23. Qxf3 Qxf3 24. gxf3 Nd3 25. Red1 Nxe5 26. f4 Ng6 27. Bxe6+
Kh8 28. Rxd4 Rae8 29. Bd7 Re4 30. Rxe4 fxe4 31. f5 Nf4 32. Kh2 Rd8 33. Bc6 Rd4
34. Re1 Nd3 35. Re2 Kg8 36. Kg3 Kf7 37. Bxe4 Nc1 38. Re3 Rd1 1-0

[Event "ch-RUS Blitz w 2016"]
[Site "Sochi RUS"]
[Date "2016.10.04"]
[Round "9.5"]
[White "Nechaeva, Marina"]
[Black "Drozdova, Dina"]
[Result "1-0"]
[WhiteTitle "IM"]
[BlackTitle "WIM"]
[WhiteElo "2428"]
[BlackElo "2242"]
[WhiteFideId "4149351"]
[BlackFideId "4170695"]
[EventDate "2016.10.04"]

1. d4 Nf6 2. c4 e6 3. Nc3 Bb4 4. Qc2 Nc6 5. Nf3 d6 6. Bd2 e5 7. a3 Bxc3 8. Bxc3
Qe7 9. dxe5 dxe5 10. e3 O-O 11. Be2 a5 12. O-O a4 13. h3 Nd7 14. Bd3 g6 15. Be4
Kg7 16. Bxc6 bxc6 17. Nxe5 Nxe5 18. f4 Bf5 19. Qe2 Bd3 20. Qxd3 1-0

[Event "ch-RUS Blitz w 2016"]
[Site "Sochi RUS"]
[Date "2016.10.04"]
[Round "9.6"]
[White "Nebolsina, Vera"]
[Black "Gritsayeva, Oksana"]
[Result "1/2-1/2"]
[WhiteTitle "WGM"]
[BlackTitle "WFM"]
[WhiteElo "2219"]
[BlackElo "2321"]
[WhiteFideId "4163591"]
[BlackFideId "14104652"]
[EventDate "2016.10.04"]

1. c4 c5 2. Nc3 Nf6 3. g3 e6 4. Bg2 d5 5. cxd5 exd5 6. d4 cxd4 7. Qxd4 Nc6 8.
Qd1 d4 9. Ne4 Be7 10. Nxf6+ Bxf6 11. Nf3 O-O 12. O-O Bf5 13. Ne1 Qb6 14. Nd3
Rac8 15. a4 Rfe8 16. h4 a6 17. Re1 h6 18. Qd2 Na5 19. Ra3 Nc4 20. Qf4 Nxa3 21.
Qxf5 Nc4 22. Be4 g6 23. Qf3 Bg7 24. Bxb7 Rcd8 25. Bd5 Nd6 26. Bf4 Rf8 27. Rc1
Rc8 28. Rxc8 Nxc8 29. Qe4 Kh7 30. h5 Nd6 31. Qh1 Nf5 32. g4 Ne7 33. Be4 Qe6 34.
Qg2 Kg8 35. Nc5 Qc8 36. Bd6 Re8 37. Bb7 Qd8 38. Qg3 Qb6 39. Be4 Qxb2 40. Bd3
Qc1+ 41. Kg2 Qg5 42. hxg6 Nxg6 43. Kh3 Be5 44. Bxe5 Qxe5 45. Qxe5 Nxe5 46. Bxa6
Ra8 47. Bb5 Ng6 48. Ne4 Ne5 49. Kg3 Kf8 50. Kf4 Ng6+ 51. Kf5 Ke7 52. Nd2 Kd6 53.
Nb3 Kd5 54. f3 Ne5 55. Kf6 d3 56. exd3 Nxf3 57. Kxf7 Ne5+ 58. Kg7 Nxg4 59. Kg6
Ra7 60. Kh5 Ne5 61. Kxh6 Nc6 62. Kg5 Ne5 63. d4 Nf3+ 64. Kf4 Nxd4 65. Nxd4 Kxd4
66. Kf5 Kc5 67. Ke5 Re7+ 68. Kf6 Re3 69. Kf5 Ra3 70. Ke4 Rxa4+ 1/2-1/2

[Event "ch-RUS Blitz w 2016"]
[Site "Sochi RUS"]
[Date "2016.10.04"]
[Round "9.7"]
[White "Bodnaruk, Anastasia"]
[Black "Ambartsumova, Karina"]
[Result "1-0"]
[WhiteTitle "IM"]
[BlackTitle "WGM"]
[WhiteElo "2463"]
[BlackElo "2280"]
[WhiteFideId "4181751"]
[BlackFideId "4166299"]
[EventDate "2016.10.04"]

1. e4 c5 2. Nf3 e6 3. Nc3 a6 4. g3 b5 5. d4 cxd4 6. Nxd4 Bb7 7. Bg2 Qc7 8. O-O
d6 9. Re1 Nf6 10. Bg5 Be7 11. Bxf6 Bxf6 12. Ndxb5 axb5 13. Nxb5 Qb6 14. Nxd6+
Ke7 15. Nxb7 Bd4 16. Qd2 Nd7 17. Rad1 e5 18. c3 Bxf2+ 19. Qxf2 Qxb7 20. Qf5 f6
21. Bh3 Nf8 22. Rd2 Rxa2 23. Red1 Ra5 1-0

[Event "ch-RUS Blitz w 2016"]
[Site "Sochi RUS"]
[Date "2016.10.04"]
[Round "9.8"]
[White "Goryachkina, Aleksandra"]
[Black "Diakonova, Ekaterina"]
[Result "1-0"]
[WhiteTitle "WGM"]
[WhiteElo "2460"]
[BlackElo "2321"]
[WhiteFideId "4147103"]
[BlackFideId "24172936"]
[EventDate "2016.10.04"]

1. d4 Nf6 2. c4 g6 3. Nc3 Bg7 4. e4 d6 5. Nf3 O-O 6. Be2 e5 7. Be3 Nc6 8. d5 Ne7
9. Nd2 a5 10. g4 Nd7 11. Qc2 f5 12. f3 fxg4 13. fxg4 c6 14. h4 h6 15. O-O-O cxd5
16. cxd5 b6 17. Kb1 Nc5 18. Rdf1 Bd7 19. Nb5 Bxb5 20. Bxb5 Qc7 21. h5 g5 22. Rc1
Rac8 23. Nf1 Qd8 24. Be2 Ne6 25. Qb3 Rxc1+ 26. Bxc1 Nd4 27. Qd1 Rf2 28. Bd3 Qf8
29. Ne3 Rf4 30. Nf5 Rf2 31. Rf1 Rxf1 32. Qxf1 Nexf5 33. exf5 Bf6 34. Be4 Qc8 35.
Qd3 Kf7 36. Bd2 Qc5 37. Qc3 Qxc3 38. bxc3 Nb5 39. Kb2 Ke7 40. Be3 Na7 41. Bxb6
Nc8 42. Bxa5 Kd7 43. Bd3 Na7 44. Bb6 Nc8 45. Bb5+ Ke7 46. Be3 e4 47. a4 Be5 48.
a5 Bf4 49. Bd4 e3 50. a6 Kf7 51. a7 Nxa7 52. Bxa7 Kf6 53. Bd4+ 1-0

[Event "ch-RUS Blitz w 2016"]
[Site "Sochi RUS"]
[Date "2016.10.04"]
[Round "9.9"]
[White "Semenova, Elena1"]
[Black "Severina, Maria"]
[Result "0-1"]
[WhiteTitle "WIM"]
[BlackTitle "WIM"]
[WhiteElo "2256"]
[BlackElo "2232"]
[WhiteFideId "24125148"]
[BlackFideId "4116909"]
[EventDate "2016.10.04"]

1. e4 e5 2. Nf3 Nc6 3. Bc4 Bc5 4. c3 Nf6 5. d3 O-O 6. O-O d5 7. exd5 Nxd5 8. Re1
Bg4 9. h3 Bh5 10. Nbd2 Nb6 11. Bb5 Bd6 12. Ne4 f5 13. Bxc6 bxc6 14. Ng3 Bg6 15.
Bg5 Qd7 16. Nh4 Rae8 17. Nxg6 hxg6 18. Qd2 f4 19. Ne4 f3 20. c4 c5 21. Re3 fxg2
22. Rg3 Qf5 23. Re1 Nd7 24. Bh4 Nb8 25. Rg5 Qxh3 26. Rxg2 Qxh4 27. Rh2 Qf4 28.
Qe2 Nc6 29. Rf1 Nd4 30. Qd1 Nf3+ 0-1

[Event "ch-RUS Blitz w 2016"]
[Site "Sochi RUS"]
[Date "2016.10.04"]
[Round "9.10"]
[White "Belova, Olga"]
[Black "Vasilevich, Irina"]
[Result "1-0"]
[WhiteTitle "WFM"]
[BlackTitle "IM"]
[WhiteElo "2035"]
[BlackElo "2285"]
[WhiteFideId "4138422"]
[BlackFideId "4141296"]
[EventDate "2016.10.04"]

1. d4 Nf6 2. Nc3 e6 3. e4 Bb4 4. e5 Nd5 5. Qg4 g6 6. Bd2 Nxc3 7. bxc3 Be7 8. Bd3
d6 9. f4 c5 10. Ne2 Nc6 11. Qf3 O-O 12. O-O cxd4 13. cxd4 dxe5 14. dxe5 Bc5+ 15.
Be3 Qb6 16. Bxc5 Qxc5+ 17. Qf2 Qxf2+ 18. Rxf2 Nb4 19. Be4 Rd8 20. a3 Na6 21. Rb1
Nc5 22. Bf3 Bd7 23. Nc3 Rab8 24. Ne4 Nxe4 25. Bxe4 b6 26. Rd2 Ba4 27. Rbd1 Rdc8
28. g4 h6 29. f5 Rc5 30. Rd8+ Rxd8 31. Rxd8+ Kh7 32. fxe6 fxe6 33. Ra8 Rxe5 34.
Rxa7+ Kg8 35. Rxa4 Kf7 36. Kf2 Kf6 37. Kf3 Rc5 38. Rb4 b5 39. Bd3 e5 40. Rxb5
Rc3 41. Rb6+ Kg5 42. Kg3 e4 43. h4# 1-0

[Event "ch-RUS Blitz w 2016"]
[Site "Sochi RUS"]
[Date "2016.10.04"]
[Round "9.11"]
[White "Komiagina, Maria"]
[Black "Berdychevskaya, Natasha"]
[Result "1-0"]
[WhiteTitle "WIM"]
[BlackTitle "WFM"]
[WhiteElo "2247"]
[BlackElo "2208"]
[WhiteFideId "4153987"]
[BlackFideId "4159322"]
[EventDate "2016.10.04"]

1. e4 e5 2. Nf3 Nc6 3. Bb5 a6 4. Ba4 Nf6 5. O-O Be7 6. Re1 b5 7. Bb3 O-O 8. d4
d6 9. c3 Bg4 10. d5 Na5 11. Bc2 c6 12. h3 Bd7 13. dxc6 Bxc6 14. Nbd2 Qc7 15. b4
Nb7 16. Bb2 Rfe8 17. Bd3 Nd8 18. Rc1 Ne6 19. c4 Qb7 20. a3 Nf4 21. Bb1 Rad8 22.
Kh2 Bd7 23. Nb3 bxc4 24. Na5 Qb6 25. Qd2 Be6 26. Ng5 Ng4+ 27. hxg4 Bxg5 28. g3
Nh3 29. f4 exf4 30. Kxh3 h5 31. gxf4 Bxg4+ 32. Kg3 Bh6 33. Qd4 Re6 34. Qxb6 1-0

[Event "ch-RUS Blitz w 2016"]
[Site "Sochi RUS"]
[Date "2016.10.04"]
[Round "9.12"]
[White "Gorovenko, Darya"]
[Black "Markelova, Lubov"]
[Result "1/2-1/2"]
[WhiteTitle "WFM"]
[BlackTitle "WFM"]
[WhiteElo "2060"]
[BlackElo "2133"]
[WhiteFideId "24173800"]
[BlackFideId "24131369"]
[EventDate "2016.10.04"]

1. d4 d5 2. Nf3 Nf6 3. c4 c6 4. Nc3 e6 5. Bg5 h6 6. Bh4 dxc4 7. e4 g5 8. Bg3 b5
9. e5 Nd5 10. Be2 Nxc3 11. bxc3 Bb7 12. h4 g4 13. Nd2 h5 14. Ne4 Be7 15. f3 c5
16. a4 cxd4 17. cxd4 a6 18. Rb1 Bxe4 19. fxe4 Qa5+ 20. Kf1 Qc3 21. Be1 Qe3 22.
Bf2 Qxe4 23. axb5 axb5 24. Rxb5 c3 25. Bd3 Qf4 26. g3 Qd2 27. Qxd2 cxd2 28. Ke2
Nc6 29. Be4 Rc8 30. Bxc6+ Rxc6 31. Rb8+ Bd8 32. Kxd2 O-O 33. Rhb1 Ra6 34. R1b2
Ba5+ 35. Ke2 Bc3 36. Rxf8+ Kxf8 37. Rc2 Ra3 38. Be3 Bb4 39. Bf4 Bc3 40. Be3 Bb4
41. Bf4 Bc3 42. Be3 Bb4 43. Bf4 Kg7 44. Rc1 Ra2+ 45. Kd3 Ra3+ 46. Kc4 Ba5 47.
Rb1 Rf3 48. Kb5 Bc3 49. Kc4 Ba5 50. Kb5 Bc3 51. Kc4 Ba5 52. Kb5 Bd8 53. Kc6 Bxh4
54. Rh1 Bxg3 55. Bxg3 Rxg3 56. Rxh5 Rd3 57. Kc5 g3 58. Rg5+ Kh6 59. Rg8 Kh5 60.
Kc4 Rf3 61. d5 exd5+ 62. Kxd5 Kh4 63. Rh8+ Kg4 64. Kd6 g2 65. Rg8+ Kh3 66. Ke7
Kh2 67. Rh8+ Rh3 68. Rg8 g1=Q 69. Rxg1 Kxg1 70. Kxf7 Rh7+ 71. Kf6 Rh6+ 72. Kf7
Kf2 73. e6 Rxe6 1/2-1/2

[Event "ch-RUS Blitz w 2016"]
[Site "Sochi RUS"]
[Date "2016.10.04"]
[Round "9.13"]
[White "Baraeva, Marina"]
[Black "Ektova, Elena"]
[Result "1-0"]
[WhiteTitle "WIM"]
[WhiteElo "2173"]
[BlackElo "1725"]
[WhiteFideId "24142573"]
[BlackFideId "24124419"]
[EventDate "2016.10.04"]

1. d4 Nf6 2. c4 c5 3. Nf3 g6 4. Nc3 Bg7 5. e4 d6 6. Be2 O-O 7. O-O Bg4 8. d5 e6
9. h3 Bxf3 10. Bxf3 exd5 11. Nxd5 Nxd5 12. Qxd5 Nc6 13. Be3 Qe7 14. Rad1 Rad8
15. Rd2 Nd4 16. Bxd4 Bxd4 17. a3 Rfe8 18. b4 b6 19. bxc5 dxc5 20. Qc6 Rd6 21.
Qa4 Red8 22. Qc2 Qe6 23. Bg4 Qe5 24. Kh1 h5 25. f4 Qe7 26. Bf3 f6 27. Re2 Re6
28. e5 fxe5 29. Bd5 Rxd5 30. cxd5 Rd6 31. fxe5 Bxe5 32. Rfe1 Rxd5 33. Qxg6+ Qg7
34. Qe6+ Qf7 35. Rxe5 Rxe5 36. Qxf7+ 1-0

[Event "ch-RUS Blitz w 2016"]
[Site "Sochi RUS"]
[Date "2016.10.04"]
[Round "9.14"]
[White "Abramova, Yulia"]
[Black "Vyrtosu, Natalia"]
[Result "0-1"]
[WhiteElo "1969"]
[BlackElo "1668"]
[WhiteFideId "24104655"]
[BlackFideId "34187518"]
[EventDate "2016.10.04"]

1. e4 c6 2. d4 d5 3. e5 Bf5 4. Nd2 e6 5. Nb3 Nd7 6. Be3 Ne7 7. Ne2 Bg6 8. Ng3
Nf5 9. Nxf5 Bxf5 10. Be2 Rc8 11. O-O Be7 12. f4 c5 13. dxc5 Nxc5 14. Nxc5 Bxc5
15. Bb5+ Kf8 16. Bxc5+ Rxc5 17. Bd3 Bxd3 18. Qxd3 g6 19. c3 Qb6 20. Rf2 Kg7 21.
Raf1 Rc4 22. Kh1 Qa6 23. b3 Rc6 24. Qd4 Qb6 25. Qd2 Qc5 26. Rf3 Rhc8 27. g4 Qa5
28. b4 Qa3 29. Rc1 Rc4 30. f5 d4 31. f6+ Kf8 32. Qh6+ Ke8 33. Rd1 Rxc3 34. Rxc3
Qxc3 35. Qf4 d3 36. b5 Qc2 37. Qf1 d2 38. b6 a6 39. Qe2 Rd8 40. Kg2 Qxa2 41. Qe4
Qd5 42. Qxd5 Rxd5 43. Kf2 Kd7 44. Ke3 Kc6 45. Rxd2 Rxd2 46. Kxd2 Kxb6 47. Kc3
Kc5 48. Kb3 b5 49. Kc3 a5 50. Kb3 b4 0-1

[Event "ch-RUS Blitz w 2016"]
[Site "Sochi RUS"]
[Date "2016.10.04"]
[Round "10.1"]
[White "Pustovoitova, Daria"]
[Black "Tomilova, Elena"]
[Result "0-1"]
[WhiteTitle "FM"]
[BlackTitle "WIM"]
[WhiteElo "2386"]
[BlackElo "2309"]
[WhiteFideId "4182146"]
[BlackFideId "4162340"]
[EventDate "2016.10.04"]

1. d4 Nf6 2. c4 b6 3. Nc3 Bb7 4. f3 d5 5. cxd5 Nxd5 6. Nxd5 Qxd5 7. e4 Qd7 8.
Bc4 e6 9. Ne2 c5 10. Be3 cxd4 11. Nxd4 Bb4+ 12. Kf2 O-O 13. Nb5 Qe7 14. Rc1 Nc6
15. a3 Bc5 16. Qe2 a6 17. Nc3 Nd4 18. Qd3 Rfd8 19. Qb1 b5 20. b4 Ba7 21. Bd3
Qh4+ 22. g3 Qf6 23. f4 e5 24. Nd5 Bxd5 25. exd5 exf4 26. gxf4 Qh4+ 27. Kg2 Qg4+
28. Kf2 Qf3+ 29. Kg1 Qxe3+ 30. Kg2 Qf3+ 31. Kg1 Ne2# 0-1

[Event "ch-RUS Blitz w 2016"]
[Site "Sochi RUS"]
[Date "2016.10.04"]
[Round "10.2"]
[White "Charochkina, Daria"]
[Black "Girya, Olga"]
[Result "1-0"]
[WhiteTitle "IM"]
[BlackTitle "WGM"]
[WhiteElo "2366"]
[BlackElo "2446"]
[WhiteFideId "4180917"]
[BlackFideId "4195752"]
[EventDate "2016.10.04"]

1. c4 c6 2. d4 d5 3. Nc3 Nf6 4. Nf3 dxc4 5. a4 Bf5 6. Nh4 Bc8 7. e3 Bg4 8. Be2
Bxe2 9. Qxe2 e6 10. Nf3 Be7 11. Qxc4 O-O 12. O-O a5 13. e4 Nbd7 14. Bf4 Qb6 15.
Qe2 Qa6 16. Qc2 Qc4 17. b3 Qa6 18. Rad1 Rfd8 19. Bg5 h6 20. Bh4 Re8 21. Rfe1 Bb4
22. Re3 Ng4 23. Red3 Ngf6 24. Ne5 Qb6 25. Rg3 Bf8 26. Nxd7 Nxd7 27. e5 g6 28.
Ne4 Bg7 29. Nd6 Rf8 30. Be7 Rfb8 31. Rdd3 Qc7 32. Rdf3 Rf8 33. Bxf8 Rxf8 34.
Rxf7 Rxf7 35. Nxf7 Nf8 36. Nd6 Qb6 37. Qd3 Qb4 38. h4 Qe1+ 39. Kh2 Qxf2 40. Qf3
Qxd4 41. Qf7+ Kh8 42. Qf3 Qxe5 43. Nf7+ 1-0

[Event "ch-RUS Blitz w 2016"]
[Site "Sochi RUS"]
[Date "2016.10.04"]
[Round "10.4"]
[White "Gvanceladze, Anna"]
[Black "Pogonina, Natalija"]
[Result "0-1"]
[WhiteTitle "WFM"]
[BlackTitle "WGM"]
[WhiteElo "2223"]
[BlackElo "2484"]
[WhiteFideId "4113721"]
[BlackFideId "4147855"]
[EventDate "2016.10.04"]

1. d4 Nf6 2. Nf3 d5 3. c4 e6 4. Nc3 Nbd7 5. cxd5 exd5 6. Bg5 c6 7. e3 Be7 8. Bd3
h6 9. Bf4 O-O 10. h3 Re8 11. O-O Nf8 12. Rb1 Bd6 13. Ne5 Ne6 14. Bh2 Ng5 15. b4
Nge4 16. Nxe4 Nxe4 17. Qc2 f6 18. Nf3 a6 19. a4 Bxh2+ 20. Kxh2 Qd6+ 21. Kg1 Bd7
22. Nd2 f5 23. Nf3 f4 24. Ne5 Rf8 25. Bxe4 dxe4 26. Qc5 Qe6 27. Qc4 f3 28. Rfc1
Kh7 29. Qxe6 Bxe6 30. b5 axb5 31. axb5 fxg2 32. Kxg2 Ra2 33. Rf1 Rf5 34. bxc6
bxc6 35. Rbc1 Rg5+ 36. Kh2 Rh5 37. Rxc6 Bxh3 38. Rfc1 Bd7+ 39. Kg3 Bxc6 40. Rxc6
Rg5+ 41. Kf4 Rxf2+ 42. Kxe4 h5 43. Rc7 h4 44. Nf7 Rg4+ 45. Kd3 h3 46. Ne5 Rg1 0-1

[Event "ch-RUS Blitz w 2016"]
[Site "Sochi RUS"]
[Date "2016.10.04"]
[Round "10.5"]
[White "Drozdova, Dina"]
[Black "Nechaeva, Marina"]
[Result "1-0"]
[WhiteTitle "WIM"]
[BlackTitle "IM"]
[WhiteElo "2242"]
[BlackElo "2428"]
[WhiteFideId "4170695"]
[BlackFideId "4149351"]
[EventDate "2016.10.04"]

1. d4 Nf6 2. c4 c5 3. dxc5 Na6 4. g3 Nxc5 5. Bg2 d6 6. Nc3 g6 7. Nf3 Bg7 8. O-O
O-O 9. Nd4 a6 10. b3 Rb8 11. Bb2 e5 12. Nc2 b5 13. Nb4 Bb7 14. cxb5 axb5 15.
Nbd5 Nxd5 16. Nxd5 b4 17. Qd2 Bxd5 18. Bxd5 Rb6 19. Rfd1 Qb8 20. h4 Bf6 21. a4
bxa3 22. Bxa3 Kg7 23. Bxc5 dxc5 24. e4 Rb4 25. Ra8 Qb6 26. Rxf8 Kxf8 27. Bc4 Qc7
28. Qd5 Rb8 29. Qd6+ Qxd6 30. Rxd6 Be7 31. Rd5 f6 32. Rd7 Rd8 33. Rc7 Rd4 34.
Bd5 f5 35. f3 fxe4 36. fxe4 h5 37. Kg2 Rd2+ 38. Kf3 Rd3+ 39. Kf2 Rd2+ 40. Ke3
Rg2 41. Kf3 Rd2 42. Rc6 Kg7 43. Re6 Bf6 44. Re8 Rd3+ 45. Kf2 Kh7 46. Rc8 Rc3 47.
Bc4 Rc2+ 48. Kf3 g5 49. hxg5 Bxg5 50. Rxc5 Bf6 51. Rc7+ Kg6 52. Bf7+ Kg5 53.
Rxc2 1-0

[Event "ch-RUS Blitz w 2016"]
[Site "Sochi RUS"]
[Date "2016.10.04"]
[Round "10.6"]
[White "Gritsayeva, Oksana"]
[Black "Nebolsina, Vera"]
[Result "1/2-1/2"]
[WhiteTitle "WFM"]
[BlackTitle "WGM"]
[WhiteElo "2321"]
[BlackElo "2219"]
[WhiteFideId "14104652"]
[BlackFideId "4163591"]
[EventDate "2016.10.04"]

1. e4 g6 2. d4 Bg7 3. g3 c6 4. Nc3 d5 5. Be3 dxe4 6. Nxe4 Nd7 7. Bg2 Ngf6 8. Ng5
h6 9. N5f3 Qb6 10. Qc1 Nd5 11. Bd2 Bxd4 12. Nxd4 Qxd4 13. Nf3 Qe4+ 14. Kf1 Qc4+
15. Kg1 g5 16. b3 Qg4 17. c4 N5f6 18. h3 Qe6 19. Nd4 Qd6 20. Bc3 Nc5 21. Qe3 O-O
22. Kh2 e5 23. Nf3 e4 24. Rhd1 Nd3 25. Ne1 Bf5 26. Nxd3 exd3 27. Qd4 Qxd4 28.
Bxd4 Nd7 29. Bf1 Rfe8 30. Bxd3 Bxd3 31. Rxd3 Re2 32. Kg2 Rae8 33. Re3 R8xe3 34.
Bxe3 b6 35. Rd1 Ne5 36. Rd8+ Kh7 37. a3 Ra2 38. a4 c5 39. Re8 Nc6 40. Rc8 Na5
41. Rc7 Kg6 42. Rxa7 Nxb3 43. Ra6 Na5 44. Rxb6+ Kf5 45. Rb5 Rxa4 46. Rxc5+ Kg6
47. g4 Nxc4 48. Rc6+ Kh7 49. Bd4 Nd2 50. Bc3 Ne4 51. Be5 Ra5 52. Bd4 Ra4 53. Be3
f6 54. Rc7+ Kg6 55. Kf3 Nd6 56. Rd7 Nf7 57. Kg2 Ne5 58. Rb7 Rc4 59. Bd2 h5 60.
gxh5+ Kxh5 61. Be3 Kg6 62. Rb6 Kf5 63. Ra6 Rb4 64. Kf1 Rh4 65. Kg2 Rb4 66. Kh2
Nf3+ 67. Kg3 Ne5 68. Ra5 Rb3 69. Kg2 Ke4 70. Ra4+ Kf5 71. Ra5 Rb2 72. Kg3 Rb3
73. Kg2 Rb4 1/2-1/2

[Event "ch-RUS Blitz w 2016"]
[Site "Sochi RUS"]
[Date "2016.10.04"]
[Round "10.7"]
[White "Ambartsumova, Karina"]
[Black "Bodnaruk, Anastasia"]
[Result "0-1"]
[WhiteTitle "WGM"]
[BlackTitle "IM"]
[WhiteElo "2280"]
[BlackElo "2463"]
[WhiteFideId "4166299"]
[BlackFideId "4181751"]
[EventDate "2016.10.04"]

1. e4 d6 2. d4 g6 3. Nc3 Bg7 4. Be3 a6 5. h4 h5 6. Qd2 b5 7. f3 Nd7 8. Nh3 Nb6
9. Ng5 e6 10. Be2 Qe7 11. Nd1 c5 12. c3 Bb7 13. Nf2 Rc8 14. b3 Nf6 15. O-O Nfd7
16. Rac1 O-O 17. Rfd1 c4 18. b4 Rcd8 19. Rf1 e5 20. f4 f6 21. Nf3 d5 22. fxe5
fxe5 23. Bg5 Bf6 24. exd5 e4 25. Ne5 Nxe5 26. dxe5 Qxe5 27. Bf4 Qxd5 28. Qe3 Qe6
29. Qc5 Nd5 30. Rce1 Nxf4 0-1

[Event "ch-RUS Blitz w 2016"]
[Site "Sochi RUS"]
[Date "2016.10.04"]
[Round "10.8"]
[White "Diakonova, Ekaterina"]
[Black "Goryachkina, Aleksandra"]
[Result "0-1"]
[BlackTitle "WGM"]
[WhiteElo "2321"]
[BlackElo "2460"]
[WhiteFideId "24172936"]
[BlackFideId "4147103"]
[EventDate "2016.10.04"]

1. e4 Nf6 2. e5 Nd5 3. c4 Nb6 4. d4 d6 5. exd6 cxd6 6. Nc3 g6 7. Be3 Bg7 8. b3
O-O 9. Rc1 e5 10. dxe5 dxe5 11. Qxd8 Rxd8 12. c5 N6d7 13. Bc4 Nc6 14. Nge2 b6
15. Bd5 Bb7 16. b4 bxc5 17. bxc5 Nf6 18. Bf3 Rab8 19. Rb1 Ba8 20. O-O Ne7 21.
Bxa8 Rxa8 22. Rb7 Kf8 23. Rfb1 Ng4 24. Nb5 Nxe3 25. fxe3 Rac8 26. Nc7 Bh6 27.
Kf2 Rd3 28. e4 Be3+ 29. Kf1 Bxc5 30. Rc1 Bb6 31. Ne6+ fxe6 32. Rxc8+ Nxc8 33.
Rxh7 Rd1# 0-1

[Event "ch-RUS Blitz w 2016"]
[Site "Sochi RUS"]
[Date "2016.10.04"]
[Round "10.9"]
[White "Severina, Maria"]
[Black "Semenova, Elena1"]
[Result "1-0"]
[WhiteTitle "WIM"]
[BlackTitle "WIM"]
[WhiteElo "2232"]
[BlackElo "2256"]
[WhiteFideId "4116909"]
[BlackFideId "24125148"]
[EventDate "2016.10.04"]

1. Nf3 f5 2. d4 Nf6 3. Bf4 g6 4. e3 Bg7 5. h3 d6 6. c4 c6 7. Nc3 O-O 8. Be2 Na6
9. O-O Qe8 10. Rb1 Nh5 11. Bh2 e5 12. c5 exd4 13. exd4 dxc5 14. dxc5 Be6 15. Ng5
Rd8 16. Qc2 Nb4 17. Qa4 Nd5 18. Nxe6 Qxe6 19. Bxh5 Bxc3 20. Bf3 Bg7 21. Bd6 Rfe8
22. Rfd1 Rxd6 23. cxd6 Qxd6 24. Bxd5+ cxd5 25. Qxe8+ 1-0

[Event "ch-RUS Blitz w 2016"]
[Site "Sochi RUS"]
[Date "2016.10.04"]
[Round "10.10"]
[White "Vasilevich, Irina"]
[Black "Belova, Olga"]
[Result "1-0"]
[WhiteTitle "IM"]
[BlackTitle "WFM"]
[WhiteElo "2285"]
[BlackElo "2035"]
[WhiteFideId "4141296"]
[BlackFideId "4138422"]
[EventDate "2016.10.04"]

1. c4 c6 2. Nf3 Nf6 3. b3 d5 4. Bb2 e6 5. e3 Be7 6. Be2 O-O 7. Nc3 b6 8. g4 c5
9. g5 Ne4 10. h4 Nc6 11. Nxe4 dxe4 12. Nh2 f6 13. Qc2 Bb7 14. Qxe4 e5 15. gxf6
Bxf6 16. Bd3 g6 17. Rg1 Nb4 18. Rxg6+ hxg6 19. Qxg6+ Bg7 20. Qh7+ Kf7 21. Bg6+
Ke6 22. Qxg7 Qf6 23. Qxf6+ Rxf6 24. h5 Rxg6 25. hxg6 Nc2+ 26. Ke2 Nxa1 27. Bxa1
Rg8 28. Ng4 Rxg6 29. Nxe5 Rg2 30. Nd3 a6 31. Nf4+ Kf5 32. Nxg2 Bxg2 33. f3 Bh3
34. a3 Kg5 35. b4 Kf5 36. bxc5 bxc5 37. Bc3 Ke6 38. e4 Bg2 39. Ke3 Bf1 40. d3
Bh3 41. Ba5 Bf1 42. f4 1-0

[Event "ch-RUS Blitz w 2016"]
[Site "Sochi RUS"]
[Date "2016.10.04"]
[Round "10.11"]
[White "Berdychevskaya, Natasha"]
[Black "Komiagina, Maria"]
[Result "1-0"]
[WhiteTitle "WFM"]
[BlackTitle "WIM"]
[WhiteElo "2208"]
[BlackElo "2247"]
[WhiteFideId "4159322"]
[BlackFideId "4153987"]
[EventDate "2016.10.04"]

1. e4 c5 2. Nf3 Nc6 3. d4 cxd4 4. Nxd4 Nf6 5. Nc3 d6 6. Be2 g6 7. Be3 Bg7 8. O-O
O-O 9. h3 Bd7 10. Nb3 Rc8 11. f4 a6 12. Qd2 b5 13. a3 Kh8 14. Rad1 Qc7 15. Bf3
Rfd8 16. Nd5 Nxd5 17. exd5 Nb8 18. c3 Re8 19. Bd4 a5 20. Rfe1 a4 21. Bxg7+ Kxg7
22. Nd4 Na6 23. Re2 e5 24. dxe6 fxe6 25. Rde1 Nc5 26. Bg4 e5 27. fxe5 dxe5 28.
Bxd7 Qxd7 29. Rxe5 Qf7 30. Qg5 h6 31. Qg3 Rxe5 32. Qxe5+ Kh7 33. Rf1 Qd7 34. Rf6
Qg7 35. Qf4 Rc7 36. Nxb5 Re7 37. Nd4 Nd3 38. Qd6 Ne5 39. Re6 Rxe6 1-0

[Event "ch-RUS Blitz w 2016"]
[Site "Sochi RUS"]
[Date "2016.10.04"]
[Round "10.12"]
[White "Markelova, Lubov"]
[Black "Gorovenko, Darya"]
[Result "1-0"]
[WhiteTitle "WFM"]
[BlackTitle "WFM"]
[WhiteElo "2133"]
[BlackElo "2060"]
[WhiteFideId "24131369"]
[BlackFideId "24173800"]
[EventDate "2016.10.04"]

1. Nf3 Nf6 2. c4 g6 3. Nc3 Bg7 4. e4 d6 5. d4 O-O 6. Be2 Nbd7 7. O-O e5 8. d5
Ne8 9. Be3 f5 10. Bg5 Nef6 11. Nd2 f4 12. f3 h6 13. Bh4 g5 14. Bf2 Qe8 15. b4 a5
16. a3 axb4 17. axb4 Rxa1 18. Qxa1 g4 19. fxg4 Qg6 20. h3 h5 21. gxh5 Nxh5 22.
Bxh5 Qxh5 23. c5 Nf6 24. Qd1 Qg6 25. Kh2 Kf7 26. Qf3 Rh8 27. cxd6 cxd6 28. Nc4
Ng4+ 29. Kh1 Nxf2+ 30. Rxf2 Ke7 31. Nb5 Bg4 32. Qd3 Bd7 33. Nbxd6 b5 34. Nf5+
Bxf5 35. d6+ Kd8 36. exf5 bxc4 37. Qe4 Qe8 1-0

[Event "ch-RUS Blitz w 2016"]
[Site "Sochi RUS"]
[Date "2016.10.04"]
[Round "10.13"]
[White "Ektova, Elena"]
[Black "Baraeva, Marina"]
[Result "0-1"]
[BlackTitle "WIM"]
[WhiteElo "1725"]
[BlackElo "2173"]
[WhiteFideId "24124419"]
[BlackFideId "24142573"]
[EventDate "2016.10.04"]

1. c4 e5 2. Nc3 Nf6 3. g3 d5 4. cxd5 Nxd5 5. Bg2 Nb6 6. d3 Be7 7. Nf3 Nc6 8. O-O
O-O 9. Nd2 Nd4 10. Nc4 Nxc4 11. dxc4 c6 12. b3 Bf5 13. Bb2 Qa5 14. e4 Be6 15. f4
f6 16. Ne2 Nxe2+ 17. Qxe2 Rad8 18. Rfd1 Rxd1+ 19. Rxd1 Qxa2 20. Qc2 Bc5+ 21. Kf1
Bd4 22. Rb1 Rd8 23. Ke1 Qa5+ 24. Kf1 Bxb2 25. Rxb2 Bg4 26. Rb1 Rd2 27. Qc1 Qa2 0-1